000 00477nam a2200205Ia 4500
005 20250425162042.0
008 250425s9999 xx 000 0 und d
020 _a848055388X
041 _aspa
082 _a428.24076
245 0 _aMASTER ENGLISH AUDIO VISUAL 2
250 _a1A ED.
260 _aEspaƱa
_bCULTURAL
_c2001
260 _aMADRID
300 _a156
650 _aLENGUA INGLESA
650 _aLENGUA INGLESA-GRAMATICA
942 _c01
010 _a43570
999 _c221368
_d221368